000 01204naa a22003377a 4500
001 BR7405022
003 BR-BrBNA
005 20240918173558.0
007 ta
008 230509b bl.||||| |||| 00| 0 por d
040 _aBR-BrBNA
_bpor
_cBiblioteca Nacional de Agricultura
041 _a(Pt)
072 _aF25; H50
_b3240
_b3866
_bG514
090 _aF25 BR7405022
100 1 _aCarvalho, C.M. de
111 1 _a2. Congresso Florestal Brasileiro
_cCuritiba, PR (Brazil)
_d17 Sep 1973
245 1 _aNota previa sobre alguns problemas na fertilizacao de Eucalyptus saligna Smith. (deficiencias de B, Zn e Cu)[Boro, Zinco, Cobre, Brasil]
260 3 _aCuritiba, PR (Brasil):
_c1974.
500 _aAnais do 2. Congresso Florestal Brasileiro Curitiba, PR (Brasil): 1974. p. 128-129 (BR7405022-AM)F25
650 _aFERTILIDADE DO SOLO
650 _aDISTURBIO VEGETAL
650 _aEUCALIPTO
650 _aFERTILIZANTE
650 _aBORO
650 _aZINCO
650 _aCOBRE
650 _aDEFICIENCIA MINERAL
773 0 _tAnais do 2. Congresso Florestal Brasileiro
_wF25 BR7405022
_gCuritiba, PR (Brasil), 1974. p. 128-129
909 _a202404
_bLucia
_c55
_dLucia Elande
942 _cAM
_2AGRIS
999 _c305534
_d305534